=LDR 00000nam 2200000 4500 =001 INLIS000000000035412 =005 20130612141253 =008 ***********************************ind** =035 ##$$0010-061300000035412 =041 ##$$a ind =082 ##$$a 028.5 =090 ##$$a 028.5, Sya k =100 ##$$a Syahbana, Lana =245 ##$$a Kesaksian princess syahida, Mengenal asmaul husna lewat dongeng, Lana syahbana; Penerjemah, Sofia Mansoor;Penyunting,Dadan Ramadhan =260 ##$$a 2009 $b Bandung =300 ##$$a 23 hlm, ilus, 20 cm =650 ##$$a Fiksi Kanak-Kanak =700 ##$$a Mansoor, Sofia =850 ##$$a NBPNMAT